[Event "Werner-Ott-Open Kreuzberger Sommer 2014"]
[Site "?"]
[Date "2014.07.05"]
[Round "1.1"]
[White "Stern, Rene"]
[Black "Grassi, Fabrizio"]
[Result "1-0"]
[WhiteElo "2527"]
[BlackElo "1898"]
[PlyCount "71"]
[EventDate "2014.??.??"]
[WhiteTeam "SK König Tegel 1949 e.V."]
[BlackTeam "SV Berlin-Friedrichstadt"]

1. d4 d5 2. c4 e6 3. Nc3 Nf6 4. Bg5 c5 5. cxd5 cxd4 6. Qa4+ Qd7 7. Qxd4 Nxd5 8.
Nxd5 Qxd5 9. Qxd5 exd5 10. Nf3 Bb4+ 11. Bd2 Bxd2+ 12. Kxd2 Nc6 13. e3 a6 14.
Be2 Be6 15. Rhd1 Rc8 16. Rac1 Ke7 17. a3 Na5 18. Nd4 Nc4+ 19. Bxc4 Rxc4 20.
Rxc4 dxc4 21. Kc3 Rc8 22. Kb4 b6 23. Rc1 Bd5 24. e4 Bb7 25. f3 b5 26. Nf5+ Kf8
27. Nd6 Rc7 28. a4 Bc6 29. axb5 axb5 30. Ra1 Rd7 31. Kc5 Ke7 32. Ra7 Rxa7 33.
Nc8+ Kf6 34. Nxa7 Bd7 35. Nxb5 Be6 36. Nd6 1-0

[Event "Werner-Ott-Open Kreuzberger Sommer 2014"]
[Site "?"]
[Date "2014.07.05"]
[Round "1.2"]
[White "Kornath, Heinrich"]
[Black "Richter, Michael"]
[Result "0-1"]
[WhiteElo "1889"]
[BlackElo "2491"]
[PlyCount "70"]
[EventDate "2014.??.??"]
[WhiteTeam "SG Eckturm"]
[BlackTeam "SK König Tegel 1949 e.V."]

1. e4 e6 2. d4 d5 3. Nc3 Nf6 4. Bg5 Bb4 5. e5 h6 6. Bd2 Bxc3 7. bxc3 Ne4 8. Bd3
Nxd2 9. Qxd2 c5 10. Nf3 c4 11. Be2 Qa5 12. O-O Nd7 13. Rfb1 Nb6 14. Rb4 Bd7 15.
Qc1 Bc6 16. Nd2 Na4 17. Qa3 b5 18. Rab1 O-O 19. Bf3 Rfc8 20. Be2 Qd8 21. f4 Qf8
22. Rf1 a5 23. Rxa4 bxa4 24. Qc1 Rab8 25. a3 Rb6 26. f5 exf5 27. Rxf5 Bd7 28.
Rf2 Rcb8 29. Rf1 Qe7 30. Bf3 Be6 31. Kh1 Qg5 32. g3 Qe3 33. Nxc4 Qxc1 34. Rxc1
dxc4 35. d5 Rb1 0-1

[Event "Werner-Ott-Open Kreuzberger Sommer 2014"]
[Site "?"]
[Date "2014.07.05"]
[Round "1.3"]
[White "Meister, Jakob"]
[Black "Meyer-Dunker, Paul"]
[Result "1-0"]
[WhiteElo "2478"]
[BlackElo "1889"]
[PlyCount "105"]
[EventDate "2014.??.??"]
[WhiteTeam "SK Zehlendorf e.V."]
[BlackTeam "SC Friesen Lichtenberg e.V."]

1. e4 e5 2. f4 Nc6 3. Nf3 f5 4. exf5 e4 5. Ne5 Nf6 6. d3 Bc5 7. Nc3 exd3 8.
Qxd3 Qe7 9. Be2 Nb4 10. Qd1 d6 11. a3 Nc6 12. Nxc6 bxc6 13. Qd3 O-O 14. Kd1 d5
15. g4 Kh8 16. Bd2 Ne4 17. Be1 Nd6 18. Qf3 Rb8 19. Na4 Bd4 20. Bd3 c5 21. Bf2
Bxf2 22. Qxf2 Ne4 23. Qe1 Qd7 24. Nc3 Rxb2 25. Bxe4 dxe4+ 26. Kc1 Rb6 27. Qe3
Qd4 28. Re1 Bb7 29. Rb1 Kg8 30. Qxd4 cxd4 31. Nxe4 Bxe4 32. Rxe4 c5 33. Rxb6
axb6 34. Re6 h5 35. h3 b5 36. Rb6 Ra8 37. Kb2 b4 38. axb4 cxb4 39. Rxb4 Rd8 40.
Rb3 Re8 41. Rf3 Re1 42. Kb3 Re2 43. Rd3 Rh2 44. g5 h4 45. Kc4 Rxc2+ 46. Kxd4
Rg2 47. Ke4 Rg1 48. g6 Kf8 49. Rd8+ Ke7 50. Rg8 Rg3 51. Rxg7+ Kf8 52. Rh7 Rxh3
53. f6 1-0

[Event "Werner-Ott-Open Kreuzberger Sommer 2014"]
[Site "?"]
[Date "2014.07.05"]
[Round "1.4"]
[White "Matitschka, Heinz"]
[Black "Kalinitschew, Sergey"]
[Result "0-1"]
[WhiteElo "1886"]
[BlackElo "2426"]
[PlyCount "100"]
[EventDate "2014.??.??"]
[WhiteTeam "TSG Oberschöneweide e.V."]
[BlackTeam "SC Kreuzberg e.V."]

1. d4 f5 2. c4 Nf6 3. Nc3 e6 4. Nf3 Bb4 5. Bd2 b6 6. e3 Bb7 7. Be2 O-O 8. O-O
Bxc3 9. Bxc3 Ne4 10. Be1 d6 11. Nd2 Qg5 12. Nxe4 fxe4 13. f4 exf3 14. Bxf3
Qxe3+ 15. Bf2 Bxf3 16. Bxe3 Bxd1 17. Raxd1 Nd7 18. c5 Nf6 19. cxd6 Nd5 20. Bg5
cxd6 21. Rde1 Rxf1+ 22. Kxf1 Kf7 23. Rc1 h6 24. Bh4 Ke8 25. Ke2 Nf4+ 26. Kf3
Ng6 27. Bg3 Kd7 28. Ke4 Rf8 29. Rc3 Ne7 30. Ra3 Nc6 31. Rc3 Rf5 32. Rf3 Rxf3
33. gxf3 d5+ 34. Ke3 b5 35. a3 Ke7 36. Bc7 Kf6 37. Bd6 Kf5 38. Bf8 Kf6 39. Bd6
g5 40. Bf8 h5 41. Bd6 Kf5 42. b4 a6 43. Bc7 e5 44. dxe5 Nxe5 45. Kd4 Nxf3+ 46.
Kxd5 g4 47. Kc6 h4 48. Bd8 g3 49. hxg3 h3 50. g4+ Ke6 0-1

[Event "Werner-Ott-Open Kreuzberger Sommer 2014"]
[Site "?"]
[Date "2014.07.05"]
[Round "1.5"]
[White "Muse, Drazen"]
[Black "Albinus, Günter"]
[Result "1-0"]
[WhiteElo "2407"]
[BlackElo "1880"]
[PlyCount "59"]
[EventDate "2014.??.??"]
[WhiteTeam "SK König Tegel 1949 e.V."]
[BlackTeam "SG Weißensee 49 e.V."]

1. e4 c5 2. Nf3 d6 3. Nc3 Nf6 4. e5 dxe5 5. Nxe5 a6 6. a4 Qc7 7. Nc4 Nbd7 8.
Be2 b6 9. Bf3 Bb7 10. d3 e6 11. Bf4 e5 12. Bg3 Bxf3 13. Qxf3 Rd8 14. O-O Bd6
15. Nxd6+ Qxd6 16. Qb7 Nb8 17. Bxe5 Qe7 18. Qxe7+ Kxe7 19. Bc7 Rc8 20. Bxb6 Kd6
21. d4 cxd4 22. Bxd4 Nbd7 23. Rfd1 Kc6 24. b4 Kb7 25. b5 a5 26. Ra2 Rc7 27. Ne2
Re8 28. Kf1 g6 29. Bc3 Rxe2 30. Bxf6 1-0

[Event "Werner-Ott-Open Kreuzberger Sommer 2014"]
[Site "?"]
[Date "2014.07.05"]
[Round "1.6"]
[White "Gremm, Albert Jürgen"]
[Black "Von Herman, Ulf"]
[Result "0-1"]
[WhiteElo "1878"]
[BlackElo "2379"]
[PlyCount "64"]
[EventDate "2014.??.??"]
[WhiteTeam "SC Kreuzberg e.V."]
[BlackTeam "SK König Tegel 1949 e.V."]

1. d4 g6 2. Nf3 Bg7 3. e4 d6 4. Nc3 Nf6 5. Bg5 h6 6. Bf4 a6 7. h3 b5 8. a3 Bb7
9. Bd3 Nc6 10. Qd2 e6 11. O-O g5 12. Be3 g4 13. hxg4 Nxg4 14. Bf4 Ne7 15. Rad1
Ng6 16. Rfe1 Nxf4 17. Qxf4 h5 18. Qg3 Qe7 19. Nd5 Qd7 20. Nf4 O-O-O 21. Nxh5
Rxh5 22. Qxg4 Rdh8 23. Kf1 f5 24. Qg3 Rh1+ 25. Ng1 Bxd4 26. exf5 Qh7 27. Ke2
Rg8 28. fxe6 Qh5+ 29. Nf3 Rxg3 30. Rxh1 Bxf3+ 31. gxf3 Qxf3+ 32. Kd2 Qf4+ 0-1

[Event "Werner-Ott-Open Kreuzberger Sommer 2014"]
[Site "?"]
[Date "2014.07.05"]
[Round "1.7"]
[White "Brüdigam, Martin"]
[Black "Schönberger, Kay"]
[Result "1-0"]
[WhiteElo "2328"]
[BlackElo "1877"]
[PlyCount "33"]
[EventDate "2014.??.??"]
[WhiteTeam "SK König Tegel 1949 e.V."]
[BlackTeam "SV Koblenz 03/25"]

1. e4 c5 2. Nf3 d6 3. c3 Nf6 4. Be2 e5 5. O-O Be7 6. Re1 O-O 7. d3 Nc6 8. Nbd2
d5 9. exd5 Nxd5 10. Bf1 Qc7 11. Nc4 Bf6 12. Bg5 Bxg5 13. Nxg5 b5 14. Nd2 f5 15.
Qb3 Qd6 16. a4 Na5 17. Qxb5 1-0

[Event "Werner-Ott-Open Kreuzberger Sommer 2014"]
[Site "?"]
[Date "2014.07.05"]
[Round "1.8"]
[White "Petzold, Matthias"]
[Black "Jahnz, Fabian"]
[Result "0-1"]
[WhiteElo "1867"]
[BlackElo "2270"]
[PlyCount "46"]
[EventDate "2014.??.??"]
[WhiteTeam "SV Königsspringer Herzberg e.V."]
[BlackTeam "SK König Tegel 1949 e.V."]

1. d4 d5 2. Nf3 Nf6 3. Bf4 c5 4. e3 Nc6 5. c3 Qb6 6. Qc2 Bg4 7. Be2 Rc8 8. dxc5
Qxc5 9. Ne5 Bxe2 10. Qxe2 g6 11. Nxc6 Qxc6 12. Be5 Bg7 13. O-O O-O 14. Nd2 Rfd8
15. Nb3 Ne4 16. Bxg7 Kxg7 17. Rfd1 Qb6 18. Rd3 a5 19. Rad1 a4 20. Nd4 e5 21.
Nf3 a3 22. Rxd5 Rxd5 23. Rxd5 axb2 0-1

[Event "Werner-Ott-Open Kreuzberger Sommer 2014"]
[Site "?"]
[Date "2014.07.05"]
[Round "1.9"]
[White "Schmidbauer, Martin"]
[Black "Strowig, Justin"]
[Result "1-0"]
[WhiteElo "2242"]
[BlackElo "1857"]
[PlyCount "53"]
[EventDate "2014.??.??"]
[WhiteTeam "SK Tempelhof 1931 e.V."]
[BlackTeam "SG Grün-Weiß Baumschulenweg e.V."]

1. e4 d6 2. d4 Nf6 3. Nc3 g6 4. g3 c6 5. Bg2 Bg7 6. Nge2 Na6 7. h3 Nc7 8. Be3
Bd7 9. O-O a5 10. g4 Rb8 11. Ng3 h6 12. Qd2 b5 13. Nce2 b4 14. c4 Kf8 15. Rad1
d5 16. b3 h5 17. g5 Nfe8 18. h4 dxe4 19. Nxe4 Nd6 20. N2g3 Ne6 21. Nxd6 exd6
22. d5 cxd5 23. Qxd5 Be5 24. f4 Nc7 25. Qd2 Bg4 26. fxe5 Bxd1 27. Rxd1 1-0

[Event "Werner-Ott-Open Kreuzberger Sommer 2014"]
[Site "?"]
[Date "2014.07.05"]
[Round "1.10"]
[White "Meyer, Wilfried"]
[Black "Kohler, Thomas"]
[Result "0-1"]
[WhiteElo "1853"]
[BlackElo "2239"]
[PlyCount "76"]
[EventDate "2014.??.??"]
[WhiteTeam "ohne Verein"]
[BlackTeam "SC Zitadelle Spandau 1977 e.V."]

1. e4 c5 2. d4 cxd4 3. c3 Nf6 4. e5 Nd5 5. Nf3 Nc6 6. Bd3 d6 7. O-O g6 8. Be4
dxe5 9. Qb3 Nf6 10. Ng5 e6 11. f4 Nxe4 12. Nxe4 Be7 13. fxe5 Nxe5 14. Bh6 Rg8
15. Qb5+ Nc6 16. Nbd2 f5 17. Qe2 d3 18. Qf3 Ne5 19. Qg3 Nf7 20. Bf4 fxe4 21.
Nxe4 Qd5 22. Rae1 Bd7 23. Bc7 e5 24. Qf3 Bc6 25. Rf2 Rc8 26. Ba5 Rf8 27. Bb4
Ng5 28. Qg4 Rxf2 29. Qxc8+ Kf7 30. Bxe7 Kxe7 31. Qc7+ Kf8 32. Qc8+ Kg7 33. Kxf2
Nxe4+ 34. Kg1 Qc5+ 35. Kh1 Nf2+ 36. Kg1 Nh3+ 37. Kh1 Qg1+ 38. Rxg1 Nf2# 0-1

[Event "Werner-Ott-Open Kreuzberger Sommer 2014"]
[Site "?"]
[Date "2014.07.05"]
[Round "1.11"]
[White "Simon, Ralf-Axel"]
[Black "Fuchs, Jörg"]
[Result "1-0"]
[WhiteElo "2230"]
[BlackElo "1846"]
[PlyCount "85"]
[EventDate "2014.??.??"]
[WhiteTeam "TSG Neuruppin"]
[BlackTeam "SC Kreuzberg e.V."]

1. Nf3 f5 2. c4 Nf6 3. Nc3 e6 4. Qc2 d5 5. d4 Be7 6. Bf4 c6 7. e3 O-O 8. Bd3
Ne4 9. g4 Nxc3 10. bxc3 Qe8 11. O-O-O c5 12. gxf5 exf5 13. cxd5 Bd7 14. d6 Bf6
15. dxc5 Bc6 16. Nd4 Bxd4 17. cxd4 Bxh1 18. Rxh1 Qd7 19. Qb3+ Kh8 20. Bb5 Qd8
21. Bc4 Nc6 22. Qxb7 Qa5 23. Qb2 Rab8 24. Bb3 Nb4 25. Rd1 Nd5 26. Bxd5 Rxb2 27.
Kxb2 Qb5+ 28. Kc2 Rb8 29. Bb3 Rb7 30. Kd2 a5 31. Bd5 Qb2+ 32. Ke1 Qc3+ 33. Kf1
Qc2 34. Bxb7 Qxd1+ 35. Kg2 Qg4+ 36. Bg3 f4 37. Bf3 Qf5 38. Bxf4 g5 39. Be5+ Kg8
40. c6 g4 41. Bd5+ Kf8 42. c7 g3 43. hxg3 1-0

[Event "Werner-Ott-Open Kreuzberger Sommer 2014"]
[Site "?"]
[Date "2014.07.05"]
[Round "1.12"]
[White "Rauscher, Joachim"]
[Black "Boetzer, Detlef"]
[Result "0-1"]
[WhiteElo "1823"]
[BlackElo "2228"]
[PlyCount "94"]
[EventDate "2014.??.??"]
[WhiteTeam "SC Brett vorm Kopp Ffm"]
[BlackTeam "SC Rotation Pankow e.V."]

1. e4 e6 2. d4 d5 3. Nd2 c5 4. exd5 Qxd5 5. dxc5 Bxc5 6. Ngf3 Nf6 7. Bb5+ Nc6
8. Qe2 O-O 9. O-O a6 10. Bc4 Qh5 11. Ne4 Be7 12. Ng3 Qa5 13. Bd2 Qc7 14. Bd3
Nb4 15. Bxb4 Bxb4 16. c4 Be7 17. Rac1 b6 18. Ne4 Bb7 19. b3 Nd7 20. Rfe1 Rfe8
21. Bb1 Nf8 22. Ng3 a5 23. Be4 a4 24. Bxb7 Qxb7 25. Qe4 Qxe4 26. Nxe4 f5 27.
Ng3 Red8 28. Rcd1 Bb4 29. Rxd8 Rxd8 30. Rb1 axb3 31. axb3 Ra8 32. Ne1 Nd7 33.
Nd3 Bc3 34. Kf1 Kf7 35. Ne2 Bf6 36. f4 h6 37. Rc1 Ra3 38. Rb1 g5 39. Ng1 gxf4
40. Nxf4 Nc5 41. b4 Ne4 42. Rd1 Rc3 43. Nf3 Rxc4 44. Rd7+ Ke8 45. Ra7 Nd2+ 46.
Nxd2 Rxf4+ 47. Ke2 Rxb4 0-1

[Event "Werner-Ott-Open Kreuzberger Sommer 2014"]
[Site "?"]
[Date "2014.07.05"]
[Round "1.13"]
[White "Lindborg, Petter"]
[Black "Kujawa, Werner"]
[Result "1-0"]
[WhiteElo "2222"]
[BlackElo "1820"]
[PlyCount "101"]
[EventDate "2014.??.??"]
[WhiteTeam "Solna SS"]
[BlackTeam "SV Motor Wildau e.V."]

1. d4 Nf6 2. c4 c5 3. d5 b5 4. cxb5 a6 5. bxa6 Bxa6 6. Nc3 d6 7. Nf3 Nbd7 8. e4
Bxf1 9. Kxf1 g6 10. g3 Bg7 11. Kg2 O-O 12. a4 Qa5 13. Qc2 Rfb8 14. Ra3 Ng4 15.
Bd2 Nge5 16. Nb5 Qd8 17. Nxe5 Nxe5 18. Rd1 Nd7 19. Bc3 Bxc3 20. Qxc3 Nb6 21. b3
Nxd5 22. Rxd5 Rxb5 23. axb5 Rxa3 24. Qxc5 dxc5 25. Rxd8+ Kg7 26. Rd5 Rxb3 27.
Rxc5 Kf6 28. f4 Rb2+ 29. Kh3 Ke6 30. f5+ gxf5 31. Rxf5 Rb4 32. Rh5 Rxe4 33.
Rxh7 Rb4 34. Rh5 f5 35. Rh6+ Kd5 36. Rb6 e5 37. Rf6 Ke4 38. b6 f4 39. Kg4 Ke3
40. gxf4 exf4 41. h4 f3+ 42. Kg3 Ke2 43. Re6+ Kf1 44. Kxf3 Rxh4 45. Ke3 Ke1 46.
Kd3+ Kd1 47. Re4 Rh7 48. Rb4 Rd7+ 49. Kc4 Kc2 50. b7 Rc7+ 51. Kd5 1-0

[Event "Werner-Ott-Open Kreuzberger Sommer 2014"]
[Site "?"]
[Date "2014.07.05"]
[Round "1.15"]
[White "Niehaus, Frank"]
[Black "Peter, Volkhard"]
[Result "1-0"]
[WhiteElo "2200"]
[BlackElo "1812"]
[PlyCount "99"]
[EventDate "2014.??.??"]
[WhiteTeam "SK König Tegel 1949 e.V."]
[BlackTeam "SC Oranienburg e.V."]

1. e4 e5 2. Nf3 Nc6 3. Bb5 a6 4. Ba4 Nf6 5. O-O Nxe4 6. d4 d5 7. Nxe5 Bd6 8.
Nxc6 Bxh2+ 9. Kxh2 Qh4+ 10. Kg1 Bd7 11. Ne5 Bxa4 12. Nc3 Nxc3 13. bxc3 O-O 14.
Ba3 Rfe8 15. Qf3 Rxe5 16. dxe5 Qg5 17. Qe2 Bb5 18. Qe3 Qxe3 19. fxe3 Bxf1 20.
Kxf1 Re8 21. Rd1 Rxe5 22. Kf2 h5 23. Bb2 Rf5+ 24. Kg1 c6 25. a4 f6 26. Ba3 Re5
27. Bc5 Re4 28. Bd4 Kf7 29. a5 Re7 30. Kf2 Ke6 31. Kf3 g5 32. Rb1 Rc7 33. Bc5
f5 34. g3 Ke5 35. Rb4 Ke6 36. c4 dxc4 37. Rxc4 Kd5 38. Rc3 Rh7 39. Bd4 Rf7 40.
Rc5+ Kd6 41. e4 g4+ 42. Kf4 fxe4+ 43. Kxe4 Rf3 44. Rxh5 Kd7 45. Rh7+ Kc8 46.
Be5 Rf1 47. Rc7+ Kb8 48. Rxc6+ Ka8 49. Rc8+ Ka7 50. Bb8+ 1-0

[Event "Werner-Ott-Open Kreuzberger Sommer 2014"]
[Site "?"]
[Date "2014.07.05"]
[Round "1.16"]
[White "Ziems, Michael"]
[Black "Major, Vitalij"]
[Result "0-1"]
[WhiteElo "1805"]
[BlackElo "2197"]
[PlyCount "49"]
[EventDate "2014.??.??"]
[WhiteTeam "SV Empor Berlin e.V."]
[BlackTeam "SC Kreuzberg e.V."]

1. d4 Nf6 2. c4 e6 3. Nf3 b6 4. Nc3 Bb4 5. Bf4 Bb7 6. e3 Ne4 7. Rc1 O-O 8. Bd3
f5 9. O-O Bxc3 10. bxc3 d6 11. Bxe4 fxe4 12. Ng5 Qe8 13. d5 exd5 14. cxd5 Na6
15. Ne6 Rf6 16. Qd4 Qg6 17. f3 Bc8 18. Ng5 exf3 19. Rxf3 Nc5 20. Rg3 Qf5 21.
Rf1 Ba6 22. e4 Qd7 23. c4 Raf8 24. e5 dxe5 25. Qxe5 0-1

[Event "Werner-Ott-Open Kreuzberger Sommer 2014"]
[Site "?"]
[Date "2014.07.05"]
[Round "1.17"]
[White "Lerch, Philipp"]
[Black "Wierzbicki, Jirawat"]
[Result "1-0"]
[WhiteElo "2197"]
[BlackElo "1804"]
[PlyCount "57"]
[EventDate "2014.??.??"]
[WhiteTeam "SK König Tegel 1949 e.V."]
[BlackTeam "SK König Tegel 1949 e.V."]

1. c4 e5 2. g3 Nf6 3. Bg2 d5 4. cxd5 Nxd5 5. Nc3 Nb6 6. Nf3 Nc6 7. O-O Be7 8.
a3 O-O 9. b4 Be6 10. d3 a6 11. Bb2 f6 12. Rc1 Qd7 13. Ne4 Nd5 14. Nc5 Bxc5 15.
Rxc5 Rfd8 16. Re1 Qf7 17. Qa1 Nb8 18. e4 Nb6 19. d4 Na4 20. Rec1 Nxb2 21. Qxb2
exd4 22. Nxd4 c6 23. Bf1 Kh8 24. e5 fxe5 25. Nxe6 Qxe6 26. Qxe5 Qxe5 27. Rxe5
g6 28. Re7 Rd7 29. Rce1 1-0

[Event "Werner-Ott-Open Kreuzberger Sommer 2014"]
[Site "?"]
[Date "2014.07.05"]
[Round "1.18"]
[White "Hesselbarth, Karlheinz"]
[Black "Johansson, Thomas"]
[Result "0-1"]
[WhiteElo "1804"]
[BlackElo "2193"]
[PlyCount "82"]
[EventDate "2014.??.??"]
[WhiteTeam "SC Zugzwang 95 e.V."]
[BlackTeam "Uppsala ASS"]

1. d4 Nf6 2. c4 e6 3. Nc3 Bb4 4. e3 O-O 5. Bd3 d5 6. Nf3 c5 7. O-O Nc6 8. a3
Bxc3 9. bxc3 Qc7 10. a4 Rd8 11. cxd5 exd5 12. Ba3 c4 13. Bc2 Bg4 14. h3 Bh5 15.
g4 Bg6 16. Nh4 Bxc2 17. Qxc2 g6 18. Ra2 Re8 19. Ng2 Kg7 20. Nf4 Qd7 21. Kh2 g5
22. Nh5+ Nxh5 23. gxh5 Re4 24. Rg1 f6 25. Qe2 Rae8 26. Rg4 Na5 27. Rxe4 Rxe4
28. Qf3 Nb3 29. Qg3 Rh4 30. h6+ Rxh6 31. f4 g4 32. h4 f5 33. Kg1 Kf7 34. a5
Nxa5 35. Bf8 Ra6 36. Bb4 Nc6 37. Rxa6 bxa6 38. Bc5 h5 39. Qe1 Qb7 40. Qa1 a5
41. Bd6 Qb3 0-1

[Event "Werner-Ott-Open Kreuzberger Sommer 2014"]
[Site "?"]
[Date "2014.07.05"]
[Round "1.19"]
[White "Horstmann, Olaf"]
[Black "Baumeister, Wolfgang"]
[Result "1-0"]
[WhiteElo "2182"]
[BlackElo "1801"]
[PlyCount "51"]
[EventDate "2014.??.??"]
[WhiteTeam "Vereinigung der Schachsportfreun"]
[BlackTeam "SC Kreuzberg e.V."]

1. e4 e5 2. Bc4 Nc6 3. Nc3 Bc5 4. d3 d6 5. Nf3 Bg4 6. h3 Bh5 7. Nd5 Nd4 8. g4
Bg6 9. Nxd4 Bxd4 10. c3 Bb6 11. Qf3 h5 12. Bd2 Ne7 13. Nxb6 axb6 14. O-O-O Ra7
15. Qe2 Nc6 16. f4 h4 17. f5 Bh7 18. g5 Bg8 19. f6 gxf6 20. gxf6 Qa8 21. Qg4
Rxa2 22. Qg7 Ra1+ 23. Kc2 Qa4+ 24. Bb3 Nd4+ 25. cxd4 Qc6+ 26. Bc3 1-0

[Event "Werner-Ott-Open Kreuzberger Sommer 2014"]
[Site "?"]
[Date "2014.07.05"]
[Round "1.20"]
[White "Schneider, Eckehard"]
[Black "Kollberg, Lothar"]
[Result "0-1"]
[WhiteElo "1772"]
[BlackElo "2177"]
[PlyCount "36"]
[EventDate "2014.??.??"]
[WhiteTeam "Sfrd. Berlin 1903 e.V."]
[BlackTeam "SC Zugzwang 95 e.V."]

1. e4 g6 2. d4 Bg7 3. Be3 d6 4. Nc3 a6 5. a4 Nd7 6. Nf3 Ngf6 7. Bc4 O-O 8. O-O
Ng4 9. Bg5 h6 10. Bh4 c5 11. h3 cxd4 12. Nd5 g5 13. Bxg5 hxg5 14. hxg4 e6 15.
Nb4 Nc5 16. Nxd4 Qf6 17. c3 Nxe4 18. Qf3 Nd2 0-1

[Event "Werner-Ott-Open Kreuzberger Sommer 2014"]
[Site "?"]
[Date "2014.07.05"]
[Round "1.21"]
[White "Kaiser, Elmar"]
[Black "Glienke, Michael"]
[Result "1-0"]
[WhiteElo "2163"]
[BlackElo "1772"]
[PlyCount "73"]
[EventDate "2014.??.??"]
[WhiteTeam "SK Tauberbischofsheim"]
[BlackTeam "SC Kreuzberg e.V."]

1. Nf3 c5 2. e4 Nc6 3. Bb5 g6 4. Bxc6 dxc6 5. d3 Bg7 6. h3 Nf6 7. Nc3 b6 8. Be3
Qc7 9. Qd2 Bd7 10. Bf4 Qb7 11. Bh6 O-O 12. O-O Rad8 13. Bxg7 Kxg7 14. Qe3 Qc7
15. a4 a5 16. Nd2 Rfe8 17. f4 Kh8 18. Nf3 Nh5 19. Ne2 f6 20. e5 Be6 21. Rae1
Ng7 22. Nh4 c4 23. d4 Bd5 24. g4 b5 25. Nc3 b4 26. Ne4 Bxe4 27. Qxe4 Qd7 28.
Rd1 Qd5 29. Qe3 Rd7 30. f5 g5 31. Nf3 h6 32. h4 Red8 33. Rd2 Ne8 34. Rh2 Kg7
35. hxg5 hxg5 36. Nxg5 Nc7 37. Ne6+ 1-0

[Event "Werner-Ott-Open Kreuzberger Sommer 2014"]
[Site "?"]
[Date "2014.07.05"]
[Round "1.22"]
[White "Andress, Silvio"]
[Black "Gebigke, Martin"]
[Result "0-1"]
[WhiteElo "1764"]
[BlackElo "2152"]
[PlyCount "88"]
[EventDate "2014.??.??"]
[WhiteTeam "SV Motor Wildau e.V."]
[BlackTeam "SC Kreuzberg e.V."]

1. b4 d5 2. Bb2 Qd6 3. a3 e5 4. e3 Be6 5. Nf3 Nd7 6. Ng5 Bf5 7. c4 h6 8. Nf3
Ngf6 9. cxd5 Nxd5 10. Nc3 Nxc3 11. Bxc3 Qe6 12. Bb5 c6 13. Ba4 Bd6 14. Bb3 Qe7
15. Qe2 O-O 16. d4 e4 17. Nd2 Qg5 18. f4 exf3 19. Nxf3 Qe7 20. O-O Rae8 21.
Rae1 {(=)} Bg6 22. Qb2 Bd3 23. Rf2 Qe4 24. Bc2 Bxc2 25. Qxc2 Nb6 26. Qxe4 Rxe4
27. Nd2 Re6 28. e4 Nd5 29. Bb2 f5 30. e5 Be7 31. Nc4 f4 32. Rf3 g5 33. h3 h5
34. Re4 Rf7 35. Bc1 g4 36. hxg4 hxg4 37. Rf1 Nc3 38. Ree1 Bh4 39. Nd6 Rd7 40.
Bxf4 Bxe1 41. Rxe1 Rdxd6 42. exd6 Rxe1+ 43. Kf2 Re4 44. Be5 Kf7 0-1

[Event "Werner-Ott-Open Kreuzberger Sommer 2014"]
[Site "?"]
[Date "2014.07.05"]
[Round "1.23"]
[White "Baumert, Christian"]
[Black "Sidabras, Ignas"]
[Result "1/2-1/2"]
[WhiteElo "2137"]
[BlackElo "1735"]
[PlyCount "99"]
[EventDate "2014.??.??"]
[WhiteTeam "SG Lasker Steglitz-Wilmersdorf"]
[BlackTeam "SC Kreuzberg e.V."]

1. d4 f5 2. Qd3 d6 3. g4 fxg4 4. h3 g3 5. Qxg3 Nf6 6. Bg2 Nc6 7. c3 Bf5 8. Nd2
d5 9. Ngf3 e6 10. Ne5 Bd6 11. Qxg7 Rf8 12. Ndf3 Qe7 13. Qxe7+ Nxe7 14. Bh6 Rg8
15. Kf1 Ng6 16. Rd1 Nd7 17. Nxd7 Kxd7 18. e3 b5 19. h4 Ne7 20. Ne1 Rg6 21. Bg5
Rag8 22. Bxe7 Bxe7 23. Bf3 a6 24. Nd3 Bxd3+ 25. Rxd3 Rf8 26. Be2 Rg7 27. Rd1
Rfg8 28. Bd3 h6 29. h5 Rg5 30. Bg6 Rf8 31. Rg1 Rxg1+ 32. Kxg1 Bh4 33. f4 Rb8
34. b3 c6 35. Kg2 Kd6 36. Kf3 c5 37. dxc5+ Kxc5 38. Bf7 Kd6 39. e4 Ke7 40. Bg6
dxe4+ 41. Kxe4 Rc8 42. Rc1 Bf6 43. c4 bxc4 44. bxc4 Rc5 45. Rc2 Kd6 46. Kd3 Ra5
47. Bf7 Ke7 48. Bg8 Kd6 49. Ke4 Rxh5 50. c5+ {(=)} 1/2-1/2

[Event "Werner-Ott-Open Kreuzberger Sommer 2014"]
[Site "?"]
[Date "2014.07.05"]
[Round "1.24"]
[White "Scholta, Danilo"]
[Black "Hoffmann, Rainer"]
[Result "0-1"]
[WhiteElo "1730"]
[BlackElo "2110"]
[PlyCount "127"]
[EventDate "2014.??.??"]
[WhiteTeam "SV Empor Berlin e.V."]
[BlackTeam "BSC Rehberge 1945 e.V."]

1. d4 Nf6 2. f4 d5 3. e3 c5 4. c3 b6 5. Bd3 a6 6. a4 Nc6 7. Nf3 Bb7 8. O-O e6
9. Ne5 Nd7 10. Nxd7 Qxd7 11. Nd2 g6 12. Nf3 Bg7 13. Bd2 O-O 14. Ne5 Qe8 15.
Nxc6 Bxc6 16. b3 Qc8 17. Qe2 Qb7 18. Rfb1 Rfc8 19. a5 cxd4 20. cxd4 b5 21. b4
Rc7 22. Rc1 Rac8 23. Qe1 Bd7 24. Rxc7 Rxc7 25. Rc1 Bf8 26. Rxc7 Qxc7 27. Qd1
Bd6 28. Qc2 Qxc2 29. Bxc2 f6 30. Bc3 Kf7 31. Kf2 Bc6 32. g4 h6 33. h4 Kg7 34.
Kf3 Be7 35. Kg3 g5 36. h5 Bd6 37. Kf3 Bd7 38. fxg5 hxg5 39. e4 dxe4+ 40. Bxe4
Bc8 41. d5 e5 42. Bg6 Kh6 43. Be4 f5 44. gxf5 Kxh5 45. Kg3 g4 46. Bd2 Bd7 47.
f6 Be8 48. Bf5 e4+ 49. Bf4 Bxb4 50. Bxg4+ Kg6 51. Bc8 Be1+ 52. Kg2 Bxa5 53.
Bxa6 Kxf6 54. Kf2 Bb6+ 55. Be3 Bxe3+ 56. Kxe3 Ke5 57. Bb7 Bg6 58. d6 Kxd6 59.
Bxe4 Bxe4 60. Kxe4 Kc5 61. Kd3 Kb4 62. Kc2 Ka3 63. Kb1 Kb3 64. Ka1 0-1

[Event "Werner-Ott-Open Kreuzberger Sommer 2014"]
[Site "?"]
[Date "2014.07.05"]
[Round "1.25"]
[White "Shapiro, Yosip"]
[Black "Theilig, Reinhard"]
[Result "1-0"]
[WhiteElo "2104"]
[BlackElo "1720"]
[PlyCount "57"]
[EventDate "2014.??.??"]
[WhiteTeam "SV Berolina Mitte e.V."]
[BlackTeam "VfB Hermsdorf e.V."]

1. c4 d6 2. Nc3 Nf6 3. d4 g6 4. e4 Bg7 5. Be2 O-O 6. Bg5 h6 7. Be3 c5 8. d5 e6
9. Nf3 exd5 10. exd5 Qb6 11. O-O Ng4 12. Bc1 Nd7 13. Nh4 Qd8 14. Nxg6 Nxf2 15.
Rxf2 fxg6 16. Rxf8+ Qxf8 17. Be3 Ne5 18. h3 h5 19. Qd2 Bf5 20. Rf1 Qe8 21. b3
Qd7 22. Kh2 Rf8 23. Bh6 Kh7 24. Bxg7 Kxg7 25. Qg5 Bxh3 26. Rxf8 Bg4 27. Qf6+
Kh6 28. Rh8+ Qh7 29. Qf8+ 1-0

[Event "Werner-Ott-Open Kreuzberger Sommer 2014"]
[Site "?"]
[Date "2014.07.05"]
[Round "1.26"]
[White "Woinowski, Michael"]
[Black "Hahlbohm, Matthias"]
[Result "1/2-1/2"]
[WhiteElo "1709"]
[BlackElo "2102"]
[PlyCount "61"]
[EventDate "2014.??.??"]
[WhiteTeam "SC Kreuzberg e.V."]
[BlackTeam "TSG Oberschöneweide e.V."]

1. e4 e6 2. d4 d5 3. exd5 exd5 4. c4 Nf6 5. Nc3 c6 6. Nf3 h6 7. cxd5 Nxd5 8.
Bc4 Be6 9. Qb3 b6 10. Nxd5 Bxd5 11. Bxd5 Qxd5 12. Qxd5 cxd5 13. Ne5 Bb4+ 14.
Bd2 Bxd2+ 15. Kxd2 O-O 16. Rac1 Na6 17. Nc6 Rfe8 18. Rhe1 Kf8 19. Rxe8+ Kxe8
20. Re1+ Kd7 21. Ne5+ Ke7 22. Nc6+ Kd6 23. Ne5 Rf8 24. Rc1 Nb8 25. b4 f6 26.
Ng6 Re8 27. Nh4 Kd7 28. Nf5 Nc6 29. b5 Ne7 30. Nxe7 Rxe7 31. Re1 1/2-1/2